| 000 | 00413nam a22001457a 4500 | ||
|---|---|---|---|
| 020 | _a0333735846 | ||
| 082 |
_a363.32 _bTAN _cN-01 P-48 |
||
| 100 |
_aTanter, Raymond. _938077 |
||
| 245 |
_aRogue regimes _bterorism and proliferation _cRaymond Tanter. |
||
| 260 |
_aLondon : _bMacmillan, _c1988. |
||
| 300 | _axiv, 331 p. : | ||
| 526 |
_a0 _b0 _c0 _d363_320000000000000_TAN |
||
| 650 |
_aNUST _96342 |
||
| 942 |
_2ddc _cBK |
||
| 999 |
_c542752 _d542752 |
||